Kilimanjaronun karları / (Record no. 13986)

MARC details
000 -BAŞLIK
Sabit Uzunlukta Kontrol Alanı 00569nam a22001937a 4500
999 ## - SİSTEM KONTROL NUMARALARI (KOHA)
Koha Biblionumber 13986
Koha Biblioitemnumber 13986
003 - KONTROL NUMARASI IDENTIFIER
Denetim Alanı MIRAKIL
005 - SON İŞLEM TARİHİ VE ZAMANI
Denetim Alanı 20200826160527.0
008 - SABİT-BOY VERİ ELEMANLARI - GENEL BİLGİLER
Sabit Uzunlukta Kontrol Alanı 200826b tu ||||| |||| 00| 0 tur d
040 ## - KATALOGLAMA KAYNAK
Orijinal Kataloglama Ajansı TR-AnCHP
Metne Dönüştürmek Ajansı TR-AnCHP
041 ## - DİL KODU
Metin / Ses Parça Veya Ayrı Başlığın Dil Kodu Tur
082 ## - DEWEY ONLU SINIFLANDIRMA NUMARASI
Sınıflandırma Numarası 828.35
Ürün Numarası H35k 1995
100 ## - ANA GİRİŞ - KİŞİSEL İSİM
Kişisel Ad Hemingway, Ernest
245 10 - BAŞLIK TABLOSU
Başlık Kilimanjaronun karları /
Sorumluluk Tablosu, Vb Ernest Hemingway
260 ## - YAYIN, DAĞITIM, VB
Yayın, Dağıtım, Vb Yeri İstanbul:
Yayıncı, Dağıtıcı, Vs Adı Varlık Yayınları,
Yayın, Dağıtım, Vb Tarihi 1995.
300 ## - FİZİKSEL TANIM
Kapsam 126 s.:
Boyutlar 17 sm.
490 ## - SERİSİ TABLOSU
Seri Beyanı Milliyet-Varlık;
-- Türk ve Dünya Klasikleri
650 #0 - KONU KATMA GİRİŞ - TOPİKAL DÖNEM
9 (RLIN) 6078
Topikal Süreli Veya Coğrafi Ad Giriş Elemanı Amerikan edebiyatı
Genel Alt Bölümü Hikayeler
942 ## - EKLENDİ GİRİŞ ELEMANLARI (KOHA)
Sınıflandırma Veya Raf Düzeni Kaynak Dewey Decimal Classification
Koha Öğesi Türü Books
Holdings
Kalıcı Konum Mevcut Konum Edinme Tarihi Toplam Check-Out'Lar Tam Çağrı Numarası Barkod Tarih Son Görülme İtibaren Geçerli Fiyatlar Sigara Kamu Notu Koha Öğesi Türü
CHP Kütüphanesi CHP Kütüphanesi 08/26/2020   828.35 H35k 1995 019474 08/26/2020 08/26/2020 Emine Başak Alkan Bağışıdır. Books